The Valencian Styles of Hispano-Moresque Pottery 1404-1454, etc. (Record no. 4150)

MARC details
000 -CABECERA
campo de control de longitud fija 01105nam a2200265 a 4500
001 - NÚMERO DE CONTROL
campo de control BRCA_4441
005 - FECHA Y HORA DE LA ÚLTIMA TRANSACCIÓN
campo de control 20190320204654.0
008 - DATOS DE LONGITUD FIJA--INFORMACIÓN GENERAL
campo de control de longitud fija 240810s1938----nyua######---#000-0#eng-#
041 ## - CÓDIGO DE LENGUA
Código de lengua del texto/banda sonora o título independiente eng
044 ## - CÓDIGO DEL PAÍS DE LA ENTIDAD EDITORA/PRODUCTORA
Código MARC del país nyu
050 #4 - SIGNATURA TOPOGRÁFICA DE LA BIBLIOTECA DEL CONGRESO
Número de clasificación NK4310
Número de documento/Ítem .V36 1 1938
100 1# - ENTRADA PRINCIPAL--NOMBRE DE PERSONA
Nombre de persona Van de Put, Albert
9 (RLIN) 11251
245 10 - MENCIÓN DE TÍTULO
Título The Valencian Styles of Hispano-Moresque Pottery 1404-1454, etc.
Resto del título a companion to the Apuntes sobre Cerámica Morisca of the late G. J. De Osma
Mención de responsabilidad, etc. by A. Van de Put.
260 ## - PUBLICACIÓN, DISTRIBUCIÓN, ETC.
Lugar de publicación, distribución, etc. Nueva York
Nombre del editor, distribuidor, etc. Order of the Trustees
Fecha de publicación, distribución, etc. 1938
300 ## - DESCRIPCIÓN FÍSICA
Extensión vii, 99 p.
Otras características físicas il., 7 láminas
Dimensiones 17 cm.
440 #0 - MENCIÓN DE SERIE/PUNTO DE ACCESO ADICIONAL--TÍTULO
Título Hispanic notes & monographs: essays, studies, and brief biographies issued by the Hispanic Society of America
Nombre de parte o sección de la obra Peninsular series
9 (RLIN) 11252
500 ## - NOTA GENERAL
Nota general Incluye índice de ilustraciones e índice alfabético
500 ## - NOTA GENERAL
Nota general Ejemplar igual a M65 y 31-51 (3151)
500 ## - NOTA GENERAL
Nota general M20
504 ## - NOTA DE BIBLIOGRAFÍA, ETC.
Nota de bibliografía, etc. Bibliografía: p. 91-93
-- Apuntes sobre Cerámica Morisca
650 14 - PUNTO DE ACCESO ADICIONAL DE MATERIA--TÉRMINO DE MATERIA
Término de materia o nombre geográfico como elemento de entrada Cerámica hispano-morisca
9 (RLIN) 11253
700 1# - PUNTO DE ACCESO ADICIONAL--NOMBRE DE PERSONA
Nombre de persona Osma, Guillermo Joaquín de
Título de la obra Apuntes sobre Cerámica Morisca
9 (RLIN) 11254
902 ## - CATALOGADOR
Iniciales GFM
942 ## - ELEMENTOS DE PUNTO DE ACCESO ADICIONAL (KOHA)
Fuente del sistema de clasificación o colocación Library of Congress Classification
Tipo de ítem Koha Libros
Holdings
Estado de retiro Estado de pérdida Estado dañado No para préstamo Localización permanente Ubicación/localización actual Fecha de adquisición Número de inventario Total de préstamos Signatura topográfica completa Código de barras Fecha visto por última vez Precio válido a partir de Tipo de ítem Koha
El ejemplar forma parte de la colección y puede ser consultado según las políticas vigentes.       Biblioteca del Museo Franz Mayer (Rogerio Casas-Alatriste) Biblioteca del Museo Franz Mayer (Rogerio Casas-Alatriste) 24/08/2010 M20   NK4310 .V36 1 1938 (M20) 4438 22/03/2019 22/03/2019 Libros